| 000 | 00744nam a2200217Ii 4500 | ||
|---|---|---|---|
| 003 | JO-AjNU | ||
| 008 | 230605s9999||||xx |||||||||||||| ||und|| | ||
| 017 | _a2003/8/1692 | ||
| 040 |
_aJO-AjNU _bara _erda _cJO-AjNU |
||
| 041 | _aara | ||
| 050 | 1 | 4 | _aBF575.2003 |
| 100 | 3 |
_aتاليف سلامة،ياسر خالد, _eauthor _98003 |
|
| 245 | 0 | 0 | _aستون سببا للسعادة |
| 250 | _aط1 | ||
| 264 | 3 | 1 | _aعمان:دار عالم الثقافة للنشر والتوزيع ، دار الاسرة للنشر والتوزيع ،2003 |
| 300 | _a80ص | ||
| 336 |
_atext _btxt _2rdacontent |
||
| 337 |
_aunmediated _bn _2rdamedia |
||
| 338 |
_avolume _bnc _2rdacarrier |
||
| 650 | 4 |
_aالثقافة-الثقافة الجماهيرية _98004 |
|
| 999 |
_aA565 _c4133 _d4133 |
||